01776nam a2200421 a 4500001001200000003000800012006001900020007001500039008004100054010001700095015001900112016001800131020004200149020003900191040002100230035002100251043002100272050002600293082001800319100002200337245012900359260006600488300001400554504006600568533015200634600005400786600002900840650006500869650003700934651004500971651004501016651004901061651005501110655002901165710001701194856012601211999001701337ebr10240620CaPaEBRm u cr cn|||||||||071005s2008 enk sb 001 0 eng  z 2007041407 aGBA8483582bnb7 z0145672192Uk z9780754672722 (hardback : alk. paper) z0754672727 (hardback : alk. paper) aCaPaEBRcCaPaEBR a(OCoLC)471128771 an-us---aa-cc---14aE183.8.C5bK64 2008eb04a327.730512221 aKomine, Yukinori.10aSecrecy in US foreign policyh[electronic resource] :bNixon, Kissinger and the rapprochement with China /cYukinori Komine. aAldershot, England ;aBurlington, VT :bAshgate Pub.,cc2008. ax, 287 p. aIncludes bibliographical references (p. [255]-277) and index. aElectronic reproduction.bPalo Alto, Calif. :cebrary,d2013.nAvailable via World Wide Web.nAccess may be limited to ebrary affiliated libraries.10aNixon, Richard M.q(Richard Milhous),d1913-1994.10aKissinger, Henry,d1923- 0aExecutive privilege (Government information)zUnited States. 0aOfficial secretszUnited States. 0aUnited StatesxForeign relationszChina. 0aChinaxForeign relationszUnited States. 0aUnited StatesxForeign relationsy1969-1974. 0aUnited StatesxForeign relationsxDecision making. 7aElectronic books.2local2 aebrary, Inc.40uhttp://site.ebrary.com/lib/rucke/Doc?id=10240620zAn electronic book accessible through the World Wide Web; click to view c36570d36570